Ekonomický slovník Anglicko-slovenský, slovensko-anglický. 39 000 hesiel

Gespeichert in:
Bibliographische Detailangaben
1. Verfasser: Klimik, Michal
Weitere Verfasser: Mokráň, Pavel
Format: Buch
Sprache:Slowakisch
Englisch
Veröffentlicht: Bratislava Centrum cudzích jazykov [1995]
Ausgabe:1. vyd.
Schriftenreihe:Slovníky
Schlagworte:
Tags: Tag hinzufügen
Keine Tags, Fügen Sie das erste Tag hinzu!

MARC

LEADER 00000nam a2200000 4500
001 c010903
005 20221214070921.7
020 |a 80-967110-3-2 
041 0 |a slo 
041 0 |a eng 
044 |a SK 
245 1 0 |a Ekonomický slovník  |b Anglicko-slovenský, slovensko-anglický. 39 000 hesiel  |c Michal Klimik, Pavel Mokráň 
250 |a 1. vyd. 
264 1 |a Bratislava  |b Centrum cudzích jazykov  |c [1995] 
300 |a 460 s. 
490 1 |a Slovníky 
830 0 |a Slovníky 
610 2 0 |a ekonómia 
100 1 |a Klimik, Michal 
700 1 |a Mokráň, Pavel